000 00642nam a22002057a 4500
003 OSt
005 20260309083821.0
008 260309b |||||||| |||| 00| 0 eng d
020 _a981-247-165-0.
040 _aDWC-Main lib
_cOC
082 _21st ed.
_aCirc. 338.5 K25p 2005
100 _aKeat, Paul G.
245 _a Principles of managerial economics/
_cPaul G. Keat
250 _a1st ed.
260 _aPhilippines :
_bPearson Education South Asia Pte. Ltd.,
_cc2005.
300 _axviii, 765 p. :
_bill. ;
_c23 cm.
504 _aIncludes index.
650 _a1. Managerial economics.
942 _2ddc
_cBK-CIRC
_e 1st ed.
_kCirc.
_n0
999 _c8770
_d8770